[Event "ch-NED w 2012"]
[Site "Amsterdam NED"]
[Date "2012.07.20"]
[Round "5"]
[White "Lanchava, Tea"]
[Black "Middelveld, Martine"]
[Result "1-0"]
[WhiteTitle "IM"]
[WhiteElo "2336"]
[BlackElo "2134"]
[WhiteFideId "1005308"]
[BlackFideId "1016555"]
[EventDate "2012.07.15"]

1. g3 e6 2. Bg2 Nf6 3. f4 d5 4. Nf3 g6 5. O-O Bg7 6. d3 O-O 7. c3 c5 8. Na3 Nc6
9. Qe1 b6 10. e4 Ba6 11. e5 Nd7 12. Qd1 b5 13. Nc2 Rb8 14. b4 cxb4 15. cxb4 Nb6
16. Be3 Na4 17. Qd2 Qd7 18. g4 Rfc8 19. Rae1 Rb7 20. Ncd4 Rbc7 21. Nb3 Bf8 22.
a3 Bb7 23. f5 exf5 24. gxf5 Qxf5 25. Ng5 Qxe5 26. Bf4 Qb2 27. Bxc7 Qxd2 28. Nxd2
Rxc7 29. Bxd5 Nd8 30. Bxb7 Nxb7 31. Re8 1-0

[Event "ch-NED w 2012"]
[Site "Amsterdam NED"]
[Date "2012.07.21"]
[Round "6"]
[White "Middelveld, Martine"]
[Black "Haast, Anne"]
[Result "1/2-1/2"]
[BlackTitle "WIM"]
[WhiteElo "2134"]
[BlackElo "2255"]
[WhiteFideId "1016555"]
[BlackFideId "1017292"]
[EventDate "2012.07.15"]

1. d4 Nf6 2. c4 c5 3. d5 b5 4. Nf3 bxc4 5. Nc3 d6 6. e4 g6 7. Bxc4 Bg7 8. O-O
Nfd7 9. Nd2 O-O 10. f4 Ba6 11. Qe2 Qc8 12. a4 Nb6 13. Bb5 c4 14. Nf3 Bxb5 15.
axb5 N8d7 16. Be3 Nc5 17. Bd4 Nb3 18. Bxg7 Kxg7 19. Ra6 Qc5+ 20. Kh1 Rfc8 21. f5
Nd4 22. Nxd4 Qxd4 23. fxg6 hxg6 24. Qf2 Qxf2 25. Rxf2 Nd7 26. Re2 Rcb8 27. Ra4
Ne5 28. Re1 Rb7 29. Rea1 Kf8 30. Ra6 Nd7 31. R6a4 Ne5 32. Ra6 Nd7 33. R6a4 Ne5 1/2-1/2

[Event "ch-NED w 2012"]
[Site "Amsterdam NED"]
[Date "2012.07.21"]
[Round "6"]
[White "Peng, Zhaoqin"]
[Black "Lanchava, Tea"]
[Result "1-0"]
[WhiteTitle "GM"]
[BlackTitle "IM"]
[WhiteElo "2414"]
[BlackElo "2336"]
[WhiteFideId "1004786"]
[BlackFideId "1005308"]
[EventDate "2012.07.15"]

1. d4 f5 2. c4 Nf6 3. Nc3 g6 4. g3 Bg7 5. Bg2 O-O 6. Nh3 d6 7. d5 a5 8. O-O Na6
9. Nf4 Nc5 10. Be3 g5 11. Bxc5 gxf4 12. Bd4 Bh6 13. Qd2 Bd7 14. gxf4 c5 15. Bxf6
Rxf6 16. Kh1 Kh8 17. Rg1 Bg7 18. Bf3 Rh6 19. Rg2 Bf6 20. a4 Rh4 21. e3 b6 22.
Rag1 Qf8 23. b3 Qf7 24. Ne2 Rh3 25. Rg3 Rh4 26. Nc1 Rd8 27. Nd3 Qf8 28. Ne1 Qh6
29. R1g2 Rf8 30. Qd1 Be8 31. Qb1 Bg6 32. Be2 Qg7 33. Nf3 Rg4 34. Bd3 Rxg3 35.
Rxg3 Qh6 36. Bxf5 Bh5 37. Be6 Bxf3+ 38. Rxf3 Bh4 39. Rh3 Qf6 40. Qg1 h5 41. f5
Rb8 42. f4 Rf8 43. e4 Qb2 44. Rxh4 Qe2 45. Qa1+ Rf6 46. Rh3 Qxe4+ 47. Kg1 Kg7
48. Rg3+ Kh6 49. Qf1 h4 50. Rf3 Qd4+ 51. Kh1 Qe4 52. Qg2 Kh7 53. Qg8+ 1-0

[Event "ACP Golden Classic"]
[Site "Amsterdam NED"]
[Date "2012.07.18"]
[Round "4"]
[White "Le, Quang Liem"]
[Black "Muzychuk, Anna"]
[Result "1/2-1/2"]
[WhiteTitle "GM"]
[BlackTitle "GM"]
[WhiteElo "2693"]
[BlackElo "2606"]
[WhiteFideId "12401137"]
[BlackFideId "14111330"]
[EventDate "2012.07.14"]

1. c4 c5 2. Nf3 Nc6 3. Nc3 e5 4. e3 Nf6 5. Be2 d5 6. d4 exd4 7. exd4 Be6 8. cxd5
Nxd5 9. O-O Be7 10. dxc5 Nxc3 11. bxc3 Qxd1 12. Rxd1 Bxc5 13. Ng5 O-O 14. Bf4
Rac8 15. Nxe6 fxe6 16. Bg3 Rcd8 17. Bc4 Kf7 18. Re1 Rfe8 19. Re4 Rd2 20. Rae1
Nd8 21. Kf1 Re7 22. Rf4+ Kg8 23. Rf3 h6 24. Bf4 Rdd7 25. h4 Rf7 26. Rxe6 Nxe6
27. Bxe6 Kh7 28. Bxf7 Rxf7 29. Ke2 Rf6 30. Be3 Rc6 31. Kd3 Bxe3 32. Rxe3 Rd6+
33. Kc2 Ra6 34. Kb2 Rb6+ 35. Kc1 Ra6 36. Re2 Kg6 37. g3 Kf6 38. Rb2 Ra3 39. Kb1
b6 40. Rb3 Ra5 41. Rb4 g5 42. Rd4 Ke6 43. Re4+ Kd6 44. Rd4+ Ke6 45. hxg5 hxg5
46. g4 Re5 47. Kc2 Re2+ 48. Rd2 Rxd2+ 49. Kxd2 Ke5 50. Ke3 b5 51. Kf3 Kd5 1/2-1/2

[Event "ACP Golden Classic"]
[Site "Amsterdam NED"]
[Date "2012.07.18"]
[Round "4"]
[White "Sutovsky, Emil"]
[Black "Sasikiran, Krishnan"]
[Result "1/2-1/2"]
[WhiteTitle "GM"]
[BlackTitle "GM"]
[WhiteElo "2687"]
[BlackElo "2707"]
[WhiteFideId "2802007"]
[BlackFideId "5004985"]
[EventDate "2012.07.14"]

1. e4 e5 2. Nf3 Nc6 3. Bb5 a6 4. Ba4 Nf6 5. O-O Be7 6. d3 d6 7. c3 O-O 8. Re1
Nd7 9. Bc2 Bf6 10. a4 b6 11. d4 g6 12. Bb3 Bb7 13. Bd5 Rb8 14. Bh6 Bg7 15. Bxg7
Kxg7 16. Nbd2 Re8 17. Bxc6 Bxc6 18. d5 Bb7 19. a5 b5 20. c4 c6 21. cxb5 axb5 22.
dxc6 Bxc6 23. b4 Nf6 24. Ra3 Qe7 25. Rc3 Rbc8 26. Qc2 Bb7 27. Rxc8 Rxc8 28. Qd3
Qd7 29. h3 Qc6 30. Kh2 Re8 31. Qe3 h6 32. Qd3 Ba8 33. Qe3 Qc7 34. Kg1 Rc8 35.
Qd3 Qc6 36. Kh2 Rc7 37. Qe3 Re7 38. Kg1 Bb7 39. Qd3 Re6 40. Qe3 Re8 41. Qd3 Nh5
42. Kh2 Nf4 43. Qe3 Re7 44. Nb3 Qc4 45. Nfd2 Qxb4 46. Qb6 Nd3 47. Re2 d5 48. a6
Ba8 49. Qb8 Bc6 50. Qb6 Re6 51. a7 Qf8 52. Na5 Ba8 53. Qxb5 Nf4 54. Re3 Re7 55.
Qa6 Qd8 56. Rb3 dxe4 57. Rb8 Qxd2 58. Rxa8 Qxf2 59. Rg8+ Kh7 60. Rh8+ Kg7 61.
Rg8+ Kh7 1/2-1/2

[Event "ACP Golden Classic"]
[Site "Amsterdam NED"]
[Date "2012.07.20"]
[Round "6"]
[White "Sutovsky, Emil"]
[Black "Jobava, Baadur"]
[Result "1-0"]
[WhiteTitle "GM"]
[BlackTitle "GM"]
[WhiteElo "2687"]
[BlackElo "2730"]
[WhiteFideId "2802007"]
[BlackFideId "13601520"]
[EventDate "2012.07.14"]

1. e4 c5 2. Nf3 Nc6 3. d4 cxd4 4. Nxd4 g6 5. c4 Bg7 6. Be3 Nf6 7. Nc3 O-O 8. Be2
b6 9. O-O Bb7 10. f3 Nh5 11. Qd2 Qb8 12. Ndb5 Rd8 13. Rad1 e6 14. Nd6 Nd4 15.
Bxd4 Qxd6 16. Bxg7 Qxd2 17. Rxd2 Nxg7 18. Rfd1 Bc8 19. b4 Kf8 20. c5 bxc5 21.
bxc5 Ke7 22. c6 Ne8 23. Nb5 d6 24. e5 d5 25. Rb1 a6 26. Nd4 Nc7 27. Rdb2 a5 28.
Rb7 Bxb7 29. cxb7 Rab8 30. Rb6 Rg8 31. Nc6+ Kd7 32. Nxa5 Rge8 33. Bd1 1-0